Tajomný ostrov.

Uložené v:
Podrobná bibliografia
Hlavný autor: Verne, Jules, 1828-1905 (Author)
Médium: Kniha
Jazyk:Slovak
Vydané: 1982
Tagy: Pridať tag
Žiadne tagy, Buďte prvý kto otaguje tento záznam!

MARC

LEADER 00000nam a2200000 a 4500
001 000162637
005 00000000000000.0
008 040101s1982 e sloo
041 0 |a slo 
100 1 |a Verne, Jules,  |d 1828-1905  |4 aut 
245 1 0 |a Tajomný ostrov. 
260 |c 1982 
500 |a Záznam neprešiel kontrolou 
910 |a svkkk 
998 |a BK 
090 |g SCKHL  |k Sklad Pribinova 2. posch.  |a III.120870  |j 655342  |i 162637-10  |4 Strata  |s Vyradená